Nghề và làng nghề truyền thống Việt Nam: Nghề mọc, chạm
Đề cập đến nghề và làng nghề truyền thống Việt Nam
Đã lưu trong:
| Tác giả chính: | |
|---|---|
| Định dạng: | Sách |
| Năm xuất bản: |
H.:
Khoa học xã hội,
2015
|
| Chủ đề: | |
| Tags: |
Thêm thẻ
Không có thẻ, Hãy là người đầu tiên gắn thẻ bản ghi này!
|
| LEADER | 00685nam a2200145 4500 | ||
|---|---|---|---|
| 082 | |a 398.36 |b TR561M | ||
| 100 | |a Trương Minh Hằng | ||
| 245 | |a Nghề và làng nghề truyền thống Việt Nam: |c Trương Minh Hằng chủ biên, Vũ Quang Dũng |b Nghề mọc, chạm | ||
| 260 | |a H.: |b Khoa học xã hội, |c 2015 | ||
| 300 | |a 666tr.; |c 21cm. | ||
| 520 | |a Đề cập đến nghề và làng nghề truyền thống Việt Nam | ||
| 653 | |a Nghề thủ công (Văn học dân gian)-Việt Nam | ||
| 942 | |2 ddc |c SH | ||
| 999 | |c 12754 |d 12754 | ||
| 952 | |0 0 |1 0 |2 ddc |4 0 |6 398_360000000000000_TR561M |7 0 |8 300 |9 105921 |a qbu |b qbu |c D2 |d 2016-03-23 |g 100000 |o 398.36 TR561M |p 11820.c1 |r 0000-00-00 |w 2016-03-23 |y SH | ||